Oeuvres diverses de J.-B. Say, contenant (Record no. 164859)
[ view plain ]
| 000 -LEADER | |
|---|---|
| campo de control de longitud fija | 01287nam a2200253 i 4500 |
| 001 - NÚMERO DE CONTROL | |
| campo de control | 164859 |
| 003 - IDENTIFICADOR DE NÚMERO DE CONTROL | |
| campo de control | ES-MaACL |
| 005 - FECHA Y HORA DE LA ÚLTIMA TRANSACCIÓN | |
| campo de control | 20251015063146.0 |
| 008 - DATOS DE LONGITUD FIJA--INFORMACIÓN GENERAL | |
| campo de control de longitud fija | 990628s1848 fr |||| |dfre d |
| 040 ## - FUENTE DE CATALOGACIÓN | |
| Centro catalogador/agencia de origen | CCPB | B |
| Lengua de catalogación | spa |
| Centro/agencia transcriptor | CCPB | B |
| 100 1# - ENTRADA PRINCIPAL--NOMBRE DE PERSONA | |
| Nombre de persona | Say, Jean Baptiste, |
| Fechas asociadas al nombre | 1767-1832 |
| 9 (RLIN) | 132518 |
| 245 10 - MENCIÓN DEL TÍTULO | |
| Título | Oeuvres diverses de J.-B. Say, contenant |
| Resto del título | : Catéchisme d'économie politique, Fragments et opuscules inédits, Correspondance générale, Olbie, Petit volume, Mélanges de morale et de littérature / |
| Mención de responsabilidad, etc. | précédées d'une notice historique sur la vie et les travaux de l'auteur, avec des notes, par Ch. Comte, E. Daire et Horace Say. |
| 260 ## - PUBLICACIÓN, DISTRIBUCIÓN, ETC. | |
| Lugar de publicación, distribución, etc. | Paris : |
| Nombre del editor, distribuidor, etc. | Guillaumin, |
| Fecha de publicación, distribución, etc. | 1848. |
| 300 ## - DESCRIPCIÓN FÍSICA | |
| Extensión | XVIII, 748 p. ; |
| Dimensiones | 25 cm. |
| 505 8# - NOTA DE CONTENIDO CON FORMATO | |
| Nota de contenido con formato | Contiene: Première partie. Mélanges d'économie politique : Catéchisme d'économie politique (P. 1-130) ; Fragments et opuscules inédits (P. 131-357). Seconde Partie. Correspondance (P. 358-577). Troisième partie (P. 578-739) |
| 597 ## - NOTA DE DESCRIPCIÓN FÍSICA | |
| NOTA DE DESCRIPCIÓN FÍSICA | Cada parte, con antep. propia. |
| 650 #7 - PUNTO DE ACCESO ADICIONAL DE MATERIA--TÉRMINO DE MATERIA | |
| Término de materia o nombre geográfico como elemento de entrada | Economía |
| Fuente del encabezamiento o término | embne |
| 9 (RLIN) | 12006 |
| 650 #7 - PUNTO DE ACCESO ADICIONAL DE MATERIA--TÉRMINO DE MATERIA | |
| Término de materia o nombre geográfico como elemento de entrada | Ética |
| Fuente del encabezamiento o término | embne |
| 9 (RLIN) | 12577 |
| 700 0# - ENTRADA AGREGADA--NOMBRE PERSONAL | |
| Nombre de persona | Comte, Charles. |
| 9 (RLIN) | 40058 |
| 700 0# - ENTRADA AGREGADA--NOMBRE PERSONAL | |
| Nombre de persona | Say, Horace. |
| 9 (RLIN) | 132517 |
| 700 0# - ENTRADA AGREGADA--NOMBRE PERSONAL | |
| Nombre de persona | Daire, Eugene. |
| 9 (RLIN) | 42459 |
| 852 ## - LOCALIZACIÓN | |
| Ubicación | ES-MaACL |
| Número de control de estantería | F-4951 |
| Nota libre | -- Enc. hol. |
| Estatus retirado | Estado de pérdida | Estado de daño | No para préstamo | Colección | Biblioteca de origen | Biblioteca actual | Ubicación en estantería | Fecha de adquisición | Fuente de adquisición | Total de préstamos | Signatura topográfica completa | Código de barras | Visto por última vez | Precio de reemplazo | Tipo de ítem Koha |
|---|---|---|---|---|---|---|---|---|---|---|---|---|---|---|---|
| Libros del s. XIX | Biblioteca del Ateneo de Madrid | Biblioteca del Ateneo de Madrid | Depósito 2 | 17/01/2008 | F-4951 | 1172820 | 23/02/2023 | 23/02/2023 | Libro impreso antiguo |
